BRE connect (Record no. 102763)

MARC details
000 -LEADER
fixed length control field 00361cam a2200145 4500
001 - CONTROL NUMBER
control field J121918
008 - FIXED-LENGTH DATA ELEMENTS--GENERAL INFORMATION
fixed length control field 000000n 000 0 eng u
035 ## - SYSTEM CONTROL NUMBER
System control number (Sirsi) u121918
110 ## - MAIN ENTRY--CORPORATE NAME
Corporate name or jurisdiction name as entry element Building Research Establishment
245 ## - TITLE STATEMENT
Title BRE connect
260 ## - PUBLICATION, DISTRIBUTION, ETC.
Place of publication, distribution, etc. Garston
Name of publisher, distributor, etc. BRE
300 ## - PHYSICAL DESCRIPTION
Extent Multiple parts
520 ## - SUMMARY, ETC.
Summary, etc. Each title catalogued separately
942 ## - ADDED ENTRY ELEMENTS (KOHA)
Suppress in OPAC 0
Holdings
Withdrawn status Lost status Source of classification or shelving scheme Damaged status Not for loan Home library Current library Shelving location Date acquired Total Checkouts Full call number Barcode Date last seen Copy number Price effective from Koha item type
    Dewey Decimal Classification     London London Reference copy 07/04/2003   BRE 121918-1001 06/08/2019 1 06/08/2019 Reference material